• 首页
  • 本馆介绍
  • 公告通知
  • 最新文献
  • 馆藏检索
  • 电子资源
  • 读者导购
  • 参考咨询
  • 我的图书馆
  • 登录
  • 详细信息显示
  • 放入我的书架
  • 预约/预借图书
  • 作者相关作品
  • 分类相关作品
  • 丛书相关作品
  • 出版社相关作品

书目信息

  • 表格格式
  • 工作单格式
  • 卡片格式
题名:
建筑门窗制作与安装
    
 
作者: 林夕苑 主编 ;中国建筑金属结构协会 编著
分册:   电动门窗篇
出版信息: 北京   中国建筑工业出版社  2016.11
页数: 388页
开本: 26cm
丛书名:
单 册:
中图分类: TU758.1
科图分类:
主题词: 自动控制--门--建筑安装--基本知识 , 自动控制--窗--建筑安装--基本知识
电子资源:
ISBN: 978-7-112-19762-0
000 01081nam0 2200265 450
001 0400004848
005 20171025104443.0
010    @a978-7-112-19762-0@dCNY120.00
100    @a20170215d2016 em y0chiy50 ea
101 0  @achi
102    @aCN@b110000
105    @aa z 000yy
106    @ar
200 1  @a建筑门窗制作与安装@9jian zhu men chuang zhi zuo yu an zhuang@i电动门窗篇@f中国建筑金属结构协会自动门电动门分会编著
210    @a北京@c中国建筑工业出版社@d2016.11
215    @a388页@c图@d26cm
314    @a主编:林夕苑
330    @a本书主要介绍了电动门窗概述、滑升门、推拉门、卷帘门窗、围墙大门、飞机库门、其它电动门、车辆出入口栏杆机、电动门开门机的分类、结构组成、生产及检测、安装调试、日常维护与故障排除方法,并附带部分复习题。
606 0  @a自动控制@x门@x建筑安装@x基本知识
606 0  @a自动控制@x窗@x建筑安装@x基本知识
690    @aTU758.1@v5
701  0 @a林夕苑@9lin xi yuan@4主编
711 02 @a中国建筑金属结构协会@9zhong guo jian zhu jin shu jie gou xie hui@b自动门电动门分会@4编著
801  0 @aCN@b91MARC@c20171025
905    @b1039612-5@dTU758.1@f4@e1348
    
    建筑门窗制作与安装.电动门窗篇/中国建筑金属结构协会自动门电动门分会编著.-北京:中国建筑工业出版社,2016.11
    388页:图;26cm
    
    
    ISBN 978-7-112-19762-0:CNY120.00
    本书主要介绍了电动门窗概述、滑升门、推拉门、卷帘门窗、围墙大门、飞机库门、其它电动门、车辆出入口栏杆机、电动门开门机的分类、结构组成、生产及检测、安装调试、日常维护与故障排除方法,并附带部分复习题。
●
相关链接 在E读中查询图书 在五车中查询图书 在当当中查询图书 在豆瓣中查询图书


正题名:建筑门窗制作与安装     索取号:TU758.1/1348         预约/预借

序号 登录号 条形码 馆藏地/架位号 状态 备注
1 1039612   210396123   第二样本阅览室/ [索取号:TU758.1/1348] 在馆    
2 1039613   210396132   密集书库-生命科学系/ [索取号:TU758.1/1348] 在馆    
3 1039614   210396141   第三借阅区/ [索取号:TU758.1/1348] 在馆    
4 1039615   210396150   第三借阅区/ [索取号:TU758.1/1348] 在馆    
唐山师范学院图书馆 欢迎您!
大连网信软件有限公司© 版权所有